00343nam a2200133Ia 4500008004100000100001500041245007700056250001200133260002000145300000800165650001200173942000700185999001700192190216s9999||||xx |||||||||||||| ||und|| aLoney . Sl 3aAn Elementary Treatise On The Dynamics Of A Particle And Of Rigid Bodies a1st Ed. bMacmillanc1969 a384 aPhysics cBK c32780d32780